000 00441nam a2200169Ia 4500
005 20250923144428.0
008 008 250917s9999 xx 000 0 eng d
037 _aTextual
040 _aDSWL
_beng
_cDSWL
041 _aeng
_2eng
084 _qDSWL
245 0 _aReport showing action taken by central and
_cby Ministry of Food Govt. of India
260 _c1948
300 _a166 p.
942 _cTEXL
999 _c1438748
_d1438748